000 00551nam a2200205Ia 4500
003 IN-BaIIA
008 211028s9999 xx 000 0 eng d
020 _a1-85626-249-9
040 _cIIA Library
080 _a82-94
_bLIN
100 _aLinda
_926083
245 4 _aThe Chronology of words and phrases
_cLinda and R. Flavell
260 _aLondon
_bKyle Cathie Limited
_c1999
300 _a269p.
650 _aAtomic Bomb
_926084
650 _aHistory- English
_926085
650 _aSatellite
_926086
700 _aFlavell, R.
_926087
942 _cBK
999 _c14633
_d14633